000 00937ntm a22002297a 4500
005 20170813144025.0
008 170802s2013 xx a frb 000 0 eng d
040 _aEG-ScBUE
_beng
_cEG-ScBUE
082 0 4 _222
_a624
_bDAO
100 1 _aDaoud, Ahmed Osama El Sayed.
245 1 0 _aDesign approach to use palmocrete technique-replacement of steel re-bars by chemically treated palm fronds as concrete members reinforement /
_cAhmed Osama El Sayed Daoud.
260 _c2013.
300 _axii, 84 p. :
_bill. (col.) ;
_c28 cm.
500 _aA design thesis submitted to the Faculty of engineering, the British University in Egypt, in partial fulfilment of the requirements for the requirement for the bachelor degree in civil engineering.
590 _amanar
650 7 _2BUEsh
_vProjects
_aCivil Engineering
653 _bENGCIV
_cAugust2017
655 _vSPRO
700 1 _tHelmy, Amr Ibrahim.
_eths
777 _ASPRO
942 _2ddc
999 _c25307
_d25279